书目信息 |
| 题名: |
高等代数基础与数学分析原理探究
|
|
| 作者: | 王晓翊 , 姜权 权著 | |
| 分册: | ||
| 出版信息: | 北京 中国原子能出版社 2019 |
|
| 页数: | 209页 | |
| 开本: | 24cm | |
| 丛书名: | ||
| 单 册: | ||
| 中图分类: | O15 , O17 | |
| 科图分类: | ||
| 主题词: | 高等代数 , 数学分析--研究 | |
| 电子资源: | ||
| ISBN: | 978-7-5022-9919-4 | |
| 000 | 01223nam0 2200265 45 | |
| 001 | 012001003267 | |
| 005 | 20140129163551.0 | |
| 010 | @a978-7-5022-9919-4@dCNY66.00 | |
| 100 | @a20190724d2019 em y0chiy0110 ea | |
| 101 | 0 | @achi |
| 102 | @aCN@b110000 | |
| 105 | @ay z 000yy | |
| 106 | @ar | |
| 200 | 1 | @a高等代数基础与数学分析原理探究@9gao deng dai shu ji chu yu shu xue fen xi yuan li tan jiu@f王晓翊,姜权著 |
| 210 | @a北京@c中国原子能出版社@d2019 | |
| 215 | @a209页@d24cm | |
| 330 | @a高等代数与数学分析是高等教育数学学科的主干基础。高等代数是在初等代数的基础上对研究对象的进一步扩充,包括线性代数初步与多项式代数;数学分析以实数为基础,在实数的连续性基础上对极限、函数、微积分等进行研究。本书注重理论与应用相结合,使得理论思想在实践中得到升华。全书分为两部分,分别对高等代数与数学分析进行阐述,高等代数部分包括行列式、矩阵、线性方程组、线性空间等内容;数学分析部分包括极限、函数、导数、微积分、级数等内容。全书理论与实践相结合,结构严谨,是一本值得学习研究的著作。 | |
| 606 | 0 | @a高等代数 |
| 606 | 0 | @a数学分析@x研究 |
| 690 | @aO15@v5 | |
| 690 | @aO17@v5 | |
| 701 | 0 | @a王晓翊@9wang xiao yi@4权著 |
| 701 | 0 | @a姜权@9jiang quan@4著 |
| 801 | 0 | @aCN@b北京卓展@c20191020 |
| 905 | @b1211006-9@dO15@e458@f4 | |
| 高等代数基础与数学分析原理探究/王晓翊,姜权著.-北京:中国原子能出版社,2019 |
| 209页;24cm |
| ISBN 978-7-5022-9919-4:CNY66.00 |
| 高等代数与数学分析是高等教育数学学科的主干基础。高等代数是在初等代数的基础上对研究对象的进一步扩充,包括线性代数初步与多项式代数;数学分析以实数为基础,在实数的连续性基础上对极限、函数、微积分等进行研究。本书注重理论与应用相结合,使得理论思想在实践中得到升华。全书分为两部分,分别对高等代数与数学分析进行阐述,高等代数部分包括行列式、矩阵、线性方程组、线性空间等内容;数学分析部分包括极限、函数、导数、微积分、级数等内容。全书理论与实践相结合,结构严谨,是一本值得学习研究的著作。 |
| ● |
| 相关链接 |
|
|
|
|
正题名:高等代数基础与数学分析原理探究
索取号:O15/458
 
预约/预借
| 序号 | 登录号 | 条形码 | 馆藏地/架位号 | 状态 | 备注 |
| 1 | 1211006 | 212110062 | 第二样本阅览室/ [索取号:O15/458] | 在馆 | |
| 2 | 1211007 | 212110071 | 第三借阅区/ [索取号:O15/458] | 在馆 | |
| 3 | 1211008 | 212110080 | 第三借阅区/ [索取号:O15/458] | 在馆 | |
| 4 | 1211009 | 212110099 | 第三借阅区/ [索取号:O15/458] | 在馆 |